|
|
|
|
| LEADER |
01028nab#a2200361#ar4500 |
| 001 |
000115521 |
| 003 |
SVKKK |
| 005 |
20150525091305.0 |
| 008 |
150525c2015 xo |||||||||||||||b|slo |
| FMT |
|
|
|
| 015 |
|
|
|a SNBRB2015/05
|
| 038 |
|
|
|a SVKKK
|
| 040 |
|
|
|a SVKKK
|b slo
|e AACR2
|
| 041 |
0 |
|
|a slo
|
| 044 |
|
|
|a xo
|c SK
|
| 080 |
|
|
|a 502
|2 2008
|
| 080 |
|
|
|a 628.48
|2 2008
|
| 245 |
1 |
0 |
|a Nový zákon o odpadoch zaradí Slovensko k modernej a čistejšej Európe
|c Redakcia Enviromagazínu, Peter Žiga
|
| 300 |
|
|
|b Fotogr.
|
| 650 |
0 |
4 |
|a ochrana životného prostredia
|
| 650 |
0 |
4 |
|a nový zákon o odpadoch
|
| 650 |
0 |
4 |
|a odpadové hospodárstvo
|
| 651 |
|
4 |
|a Slovensko
|
| 700 |
1 |
|
|a Peter Žiga
|4 aut
|
| 773 |
0 |
|
|t Enviromagazín : odborno-náučný časopis o životnom prostredí
|g Roč. 20, č. 2 (2015), s. 4-5
|x 1335-1877
|
| 958 |
|
|
|a SK
|
| 974 |
|
|
|a Va
|
| 992 |
|
|
|a RBX
|
| BAS |
|
|
|
| 852 |
|
|
|a SVKKK
|b BIB
|
| 856 |
4 |
1 |
|a http://www.enviromagazin.sk/enviro2015/02_Enviromagazin_2015.pdf
|
| EXP |
|
|
|
| 998 |
|
|
|a GEO
|